[Event "3. Campeonato de la Unión Europea"]
[Site "Arvier ITA"]
[Date "2007.06.17"]
[Round "3.27"]
[White "Foisor, Mihaela Veronica"]
[Black "Makka, Ioulia"]
[Result "0-1"]
[WhiteElo "1980"]
[BlackElo "2185"]
[PlyCount "96"]
[EventDate "2007.06.15"]
[EventType "swiss"]
[EventRounds "10"]
[EventCountry "ITA"]
[Source "lmi"]
[SourceDate "2007.06.15"]

1. d4 e6 2. c4 b6 3. Nc3 Bb4 4. a3 Bxc3+ 5. bxc3 Bb7 6. Qc2 f5 7. e3 Nf6 8. f3
O-O 9. Bd3 Qe8 10. Nh3 Nc6 11. O-O Na5 12. a4 c5 13. e4 g6 14. d5 exd5 15. exd5
Nh5 16. Bg5 Qf7 17. Rae1 Rfe8 18. Nf4 Nxf4 19. Bxf4 Ba6 20. Qa2 Qf6 21. Bd2 Qh4
22. f4 Qf6 23. g3 Re4 24. Bxe4 Bxc4 25. Qb1 Bxf1 26. Rxf1 fxe4 27. Qxe4 Qf7 28.
Re1 Nb3 29. Bc1 Nxc1 30. Rxc1 Re8 31. Qf3 Qf5 32. Kf2 Qh3 33. Kg1 d6 34. Qf2
Qd7 35. Re1 Qxa4 36. Re6 Qd1+ 37. Qf1 Qxf1+ 38. Kxf1 Rxe6 39. dxe6 Kg7 40. g4
Kf6 41. f5 gxf5 42. gxf5 b5 43. Ke2 a5 44. Kd3 d5 45. h3 a4 46. h4 a3 47. Kc2
d4 48. cxd4 cxd4 0-1

[Event "3. Campeonato de la Unión Europea"]
[Site "Arvier ITA"]
[Date "2007.06.17"]
[Round "3.28"]
[White "Ocantos, Manuel"]
[Black "Frank, Albert"]
[Result "1/2-1/2"]
[WhiteElo "2178"]
[BlackElo "1987"]
[PlyCount "115"]
[EventDate "2007.06.15"]
[EventType "swiss"]
[EventRounds "10"]
[EventCountry "ITA"]
[Source "lmi"]
[SourceDate "2007.06.15"]

1. d4 e6 2. c4 b6 3. Nc3 Bb7 4. a3 d6 5. e4 Nd7 6. Nf3 h6 7. Bd3 Ne7 8. O-O g6
9. Be3 Bg7 10. Qd2 a6 11. b4 c5 12. bxc5 bxc5 13. d5 e5 14. Rab1 Bc8 15. Ne1
Qa5 16. Nc2 f5 17. Qe1 f4 18. Bd2 Qd8 19. Na4 Ng8 20. f3 Ngf6 21. Na1 Nh5 22.
Nb3 Bf6 23. g4 fxg3 24. hxg3 Bg5 25. Kg2 Rb8 26. Qe2 Bxd2 27. Qxd2 g5 28. Rh1
Ndf6 29. Na5 Rxb1 30. Bxb1 g4 31. f4 exf4 32. gxf4 Bd7 33. Nc6 Qc7 34. e5 Bxc6
35. exf6 Nxf6 36. Qe3+ Kd8 37. Qe6 Rf8 38. Nxc5 Bxd5+ 39. Qxd5 Qxc5 40. Qxc5
dxc5 41. Rxh6 Ke7 42. Rh1 Rb8 43. Re1+ Kf7 44. Bf5 Rb2+ 45. Kg1 Ra2 46. Re5
Rxa3 47. Rxc5 Ra2 48. Rc7+ Ke8 49. c5 Nd5 50. Rc8+ Ke7 51. Bxg4 Nxf4 52. Kf1 a5
53. c6 Kd6 54. c7 Ra1+ 55. Kf2 Nd3+ 56. Ke3 Nc5 57. Kd2 Na6 58. Kc2 1/2-1/2

[Event "3. Campeonato de la Unión Europea"]
[Site "Arvier ITA"]
[Date "2007.06.17"]
[Round "3.29"]
[White "Frontini, Fabio"]
[Black "Cazzaniga, Walter"]
[Result "0-1"]
[WhiteElo "1965"]
[BlackElo "2174"]
[PlyCount "70"]
[EventDate "2007.06.15"]
[EventType "swiss"]
[EventRounds "10"]
[EventCountry "ITA"]
[Source "lmi"]
[SourceDate "2007.06.15"]

1. e4 e6 2. d4 d5 3. e5 c5 4. Nf3 Nc6 5. c3 Qb6 6. a3 c4 7. Nbd2 Na5 8. Be2 Bd7
9. O-O f6 10. Rb1 O-O-O 11. Qe1 Ne7 12. Bd1 Nec6 13. b4 cxb3 14. Nxb3 Nc4 15.
exf6 gxf6 16. Bc2 Qc7 17. a4 Bd6 18. Nc5 Bxc5 19. dxc5 e5 20. Be3 Na3 21. Rb2
Nxc2 22. Rxc2 Bf5 23. Rd2 Rhg8 24. Nh4 Be6 25. f3 Qa5 26. Qa1 Qa6 27. Rb1 Qc4
28. g3 Qxh4 29. Rxb7 Kxb7 30. Rb2+ Ka8 31. Qb1 Rb8 32. Rxb8+ Rxb8 33. Qxb8+
Kxb8 34. gxh4 Kb7 35. Kf2 Ka6 0-1

[Event "3. Campeonato de la Unión Europea"]
[Site "Arvier ITA"]
[Date "2007.06.17"]
[Round "3.30"]
[White "Agrest, Roman"]
[Black "Bossoni, Mario"]
[Result "1-0"]
[WhiteElo "2161"]
[BlackElo "1964"]
[PlyCount "137"]
[EventDate "2007.06.15"]
[EventType "swiss"]
[EventRounds "10"]
[EventCountry "ITA"]
[Source "lmi"]
[SourceDate "2007.06.15"]

1. b4 e5 2. Bb2 Bxb4 3. Bxe5 Nf6 4. e3 O-O 5. c4 Nc6 6. Bb2 d5 7. Nf3 Re8 8.
Be2 Bg4 9. cxd5 Nxd5 10. O-O Bd6 11. Nc3 Nxc3 12. Bxc3 Re6 13. g3 Rh6 14. Rb1
Qd7 15. Ng5 Bxe2 16. Qxe2 Qf5 17. f4 Re8 18. Rb5 Qc8 19. Qc4 Nd8 20. Qd4 Bf8
21. Qxa7 Ra6 22. Qd4 h6 23. Nf3 Rxa2 24. Ne5 Ra6 25. Qc4 Rd6 26. Rb2 Rxe5 27.
Bxe5 Rc6 28. Qe2 Ne6 29. Rfb1 b6 30. Qf3 Qd7 31. Bc3 Nc5 32. Ra2 Qd3 33. Rba1
Rd6 34. Be5 Rd7 35. Qg4 Ne4 36. Bd4 Rxd4 37. exd4 Qxd4+ 38. Kg2 Qf2+ 39. Kh1
Nxd2 40. Qd1 Bb4 41. Qg1 Qe2 42. Qg2 Qe3 43. Rd1 Nc4 44. Qe2 Qc5 45. Rd8+ Kh7
46. Qe4+ f5 47. Qd5 Qxd5+ 48. Rxd5 Ne3 49. Re5 Bc5 50. Re2 Ng4 51. Rxf5 Kg6 52.
Rxc5 bxc5 53. Rc2 Nf6 54. Rxc5 Ne8 55. Kg2 Kf6 56. Kf3 Ke6 57. Re5+ Kd7 58. h3
Nf6 59. g4 Kd6 60. Ra5 c5 61. g5 hxg5 62. fxg5 Nd5 63. Ke4 Nc7 64. h4 Ne6 65.
Ra6+ Ke7 66. Ke5 Nd4 67. Ra7+ Kf8 68. Kd5 Nf3 69. Ra4 1-0

[Event "3. Campeonato de la Unión Europea"]
[Site "Arvier ITA"]
[Date "2007.06.17"]
[Round "3.31"]
[White "Pace, Colin"]
[Black "Brunello, Roberta"]
[Result "1-0"]
[WhiteElo "2146"]
[BlackElo "1953"]
[PlyCount "43"]
[EventDate "2007.06.15"]
[EventType "swiss"]
[EventRounds "10"]
[EventCountry "ITA"]
[Source "lmi"]
[SourceDate "2007.06.15"]

1. e4 e5 2. Nf3 Nc6 3. Bc4 Bc5 4. c3 Nf6 5. d3 O-O 6. Nbd2 d5 7. Bb3 Bg4 8. h3
Bh5 9. O-O dxe4 10. dxe4 Qe7 11. Qe2 Rad8 12. Nc4 Rd7 13. Bc2 h6 14. Ne3 Bxe3
15. Bxe3 Nd8 16. Rfd1 Ne6 17. Rxd7 Nxd7 18. Rd1 Rd8 19. g4 Bg6 20. Qb5 f6 21.
Qxb7 Rb8 22. Rxd7 1-0

[Event "3. Campeonato de la Unión Europea"]
[Site "Arvier ITA"]
[Date "2007.06.17"]
[Round "3.32"]
[White "Bisignano, Giuseppe"]
[Black "Calandri, Fausto"]
[Result "0-1"]
[WhiteElo "1928"]
[BlackElo "2144"]
[PlyCount "124"]
[EventDate "2007.06.15"]
[EventType "swiss"]
[EventRounds "10"]
[EventCountry "ITA"]
[Source "lmi"]
[SourceDate "2007.06.15"]

1. e4 e6 2. d4 d5 3. Nc3 Bb4 4. e5 c5 5. a3 Bxc3+ 6. bxc3 Ne7 7. f4 Qa5 8. Bd2
cxd4 9. cxd4 Qa4 10. Nf3 b6 11. Bd3 Ba6 12. Bxa6 Qxa6 13. Qe2 Qxe2+ 14. Kxe2
Nbc6 15. g4 Rc8 16. Rhf1 h5 17. h3 Kd7 18. c3 Na5 19. Ng5 hxg4 20. hxg4 Rh2+
21. Kd3 Nc4 22. Ra2 Rch8 23. f5 Rg2 24. fxe6+ fxe6 25. Rc2 Rxg4 26. Bc1 Rg3+
27. Rf3 Rxf3+ 28. Nxf3 Rh1 29. Ke2 Nf5 30. Kf2 Nh4 31. Nxh4 Rxh4 32. Kg3 Rh1
33. a4 a5 34. Kg2 Re1 35. Kf2 Rd1 36. Ke2 Rg1 37. Kf2 Rg6 38. Kf1 Kc6 39. Rf2
b5 40. axb5+ Kxb5 41. Rf7 Ka4 42. Rb7 Rg3 43. Bb2 Nxb2 44. Rxb2 Rxc3 45. Rb6
Rd3 46. Rxe6 Rxd4 47. Rd6 Rf4+ 48. Kg2 d4 49. e6 Re4 50. Kf3 Re3+ 51. Kf4 Kb5
52. Kf5 Kc5 53. Rd7 a4 54. Ra7 a3 55. Ra4 d3 56. Rxa3 d2 57. Ra5+ Kc4 58. Ra4+
Kc3 59. Ra3+ Kb4 60. Rxe3 d1=Q 61. e7 Qh5+ 62. Ke6 Qh6+ 0-1

[Event "3. Campeonato de la Unión Europea"]
[Site "Arvier ITA"]
[Date "2007.06.17"]
[Round "3.33"]
[White "Testa, Adriano"]
[Black "Diotallevi, Maurizio"]
[Result "0-1"]
[WhiteElo "1907"]
[BlackElo "2137"]
[PlyCount "114"]
[EventDate "2007.06.15"]
[EventType "swiss"]
[EventRounds "10"]
[EventCountry "ITA"]
[Source "lmi"]
[SourceDate "2007.06.15"]

1. e4 e6 2. d3 d5 3. Nd2 Nf6 4. Ngf3 Nc6 5. g3 dxe4 6. dxe4 Bc5 7. Bg2 e5 8. c3
a5 9. a4 b6 10. O-O Ba6 11. c4 O-O 12. h3 Qd3 13. Re1 Rad8 14. Bf1 Qd6 15. Qe2
Bb4 16. b3 Nd4 17. Nxd4 Qxd4 18. Ra2 Bb7 19. Bg2 Rfe8 20. Qe3 Qxe3 21. Rxe3 Rd4
22. f3 Red8 23. Re2 Nh5 24. Kh2 Rd3 25. Rc2 g6 26. Rf2 f6 27. Bf1 R3d7 28. h4
Ng7 29. Rg2 Ne6 30. Ra2 Nd4 31. Rf2 Bxd2 32. Bxd2 Nxf3+ 33. Rxf3 Rxd2+ 34. Rxd2
Rxd2+ 35. Kg1 f5 36. Re3 Bxe4 37. g4 Kf7 38. h5 Kf6 39. hxg6 hxg6 40. gxf5 gxf5
41. Rh3 Kg5 42. Rh7 c5 43. Rg7+ Kf6 44. Rh7 Rd6 45. Rh6+ Ke7 46. Rh7+ Ke6 47.
Rh6+ Kd7 48. Rh7+ Kc6 49. Be2 Rg6+ 50. Kf1 Bc2 51. Bh5 Rg8 52. Rh6+ Kc7 53.
Rh7+ Kc8 54. Bf7 Rg3 55. Be6+ Kd8 56. Bd7 f4 57. Bb5 Bxh7 0-1

[Event "3. Campeonato de la Unión Europea"]
[Site "Arvier ITA"]
[Date "2007.06.17"]
[Round "3.34"]
[White "Brauer, Christian"]
[Black "Giacometto, Mario"]
[Result "1-0"]
[WhiteElo "2132"]
[BlackElo "1931"]
[PlyCount "99"]
[EventDate "2007.06.15"]
[EventType "swiss"]
[EventRounds "10"]
[EventCountry "ITA"]
[Source "lmi"]
[SourceDate "2007.06.15"]

1. d4 Nf6 2. Nc3 d5 3. Bg5 Nbd7 4. f3 c6 5. e3 Qa5 6. Qd2 e5 7. a3 Bd6 8. Bd3
O-O 9. Nge2 Re8 10. O-O Qc7 11. h3 Nh5 12. g4 Ng3 13. Nxg3 exd4 14. exd4 Bxg3
15. Kg2 Bd6 16. Rae1 Rxe1 17. Rxe1 Nf8 18. Re8 Rb8 19. Bd8 Qd7 20. Qe1 Bc7 21.
Bxc7 Qxc7 22. Bxh7+ Kxh7 23. Rxf8 Be6 24. Qh4+ Kg6 25. Rxb8 Qxb8 26. Ne2 f5 27.
Qh5+ Kf6 28. h4 fxg4 29. fxg4 Ke7 30. Qg5+ Kf8 31. Nf4 Bf7 32. Qf5 Kg8 33. Nd3
Qe8 34. Ne5 Be6 35. Qg5 Qf8 36. Qg6 Qf6 37. Kg3 c5 38. Qxf6 gxf6 39. Nf3 b6 40.
Kf4 Kg7 41. g5 Kg6 42. h5+ Kxh5 43. gxf6 Kg6 44. Ke5 Bg4 45. Nh4+ Kf7 46. c3
Bd1 47. Ng2 Bf3 48. Nf4 cxd4 49. cxd4 b5 50. b4 1-0

[Event "3. Campeonato de la Unión Europea"]
[Site "Arvier ITA"]
[Date "2007.06.17"]
[Round "3.35"]
[White "Raineri, Valerio"]
[Black "Brunello, Marina"]
[Result "1-0"]
[WhiteElo "2123"]
[BlackElo "1924"]
[PlyCount "115"]
[EventDate "2007.06.15"]
[EventType "swiss"]
[EventRounds "10"]
[EventCountry "ITA"]
[Source "lmi"]
[SourceDate "2007.06.15"]

1. e4 e5 2. Nf3 Nc6 3. Bb5 a6 4. Ba4 d6 5. c3 Bd7 6. d3 g6 7. Nbd2 Bg7 8. Nf1
Nge7 9. Ng3 O-O 10. O-O Bg4 11. h3 Bd7 12. a3 h6 13. Bb3 Kh7 14. Nh2 Be6 15. f4
exf4 16. Bxf4 Bxb3 17. Qxb3 Na5 18. Qc2 f5 19. Rae1 Nac6 20. Bc1 Qd7 21. d4
fxe4 22. Nxe4 Nf5 23. Ng4 b6 24. Qd3 d5 25. Ng3 Nxg3 26. Qxg3 h5 27. Qh4 Rae8
28. Bg5 Rxe1 29. Rxe1 Qd6 30. Nh2 Kg8 31. Nf3 Qd7 32. Qg3 Qf7 33. Nh4 b5 34.
Qe3 Kh7 35. Nf3 Bf6 36. Qe6 Kg7 37. Qxc6 Bxg5 38. Qxa6 Re8 39. Ne5 Qf5 40. Qxb5
Rf8 41. Qd7+ Qxd7 42. Nxd7 Rd8 43. Nc5 Rb8 44. Ne6+ Kh6 45. Nxg5 Kxg5 46. Re2
Kf6 47. a4 c6 48. b4 Ra8 49. a5 Kf5 50. Re5+ Kf6 51. Kf2 Rf8 52. Ke2 Rf7 53.
Kd3 Kg7 54. Re2 g5 55. c4 dxc4+ 56. Kxc4 g4 57. hxg4 hxg4 58. Re4 1-0

[Event "3. Campeonato de la Unión Europea"]
[Site "Arvier ITA"]
[Date "2007.06.17"]
[Round "3.37"]
[White "Mortola, Alberto"]
[Black "Dubois, Martine"]
[Result "0-1"]
[WhiteElo "1905"]
[BlackElo "2092"]
[PlyCount "92"]
[EventDate "2007.06.15"]
[EventType "swiss"]
[EventRounds "10"]
[EventCountry "ITA"]
[Source "lmi"]
[SourceDate "2007.06.15"]

1. e4 Nf6 2. Nc3 d5 3. e5 Ne4 4. Nxe4 dxe4 5. d4 exd3 6. Bxd3 Nc6 7. Qe2 Nb4 8.
Be4 c6 9. Bd2 Qb6 10. Nf3 Bg4 11. O-O e6 12. a3 Nd5 13. c4 Ne7 14. b4 Qc7 15.
Bc3 Ng6 16. Rfd1 Be7 17. Qe3 Nh4 18. Rd3 Nxf3+ 19. Bxf3 Bf5 20. Be4 Bxe4 21.
Qxe4 Rd8 22. Rad1 Rxd3 23. Qxd3 O-O 24. Qe3 Rd8 25. Rd4 c5 26. Rxd8+ Qxd8 27.
Qd2 Qc7 28. b5 Qd8 29. a4 b6 30. a5 Qxd2 31. Bxd2 Bd8 32. a6 Bc7 33. f4 g5 34.
g3 Kg7 35. Kg2 Kg6 36. Kf3 gxf4 37. Bxf4 Bd8 38. Ke4 Be7 39. Kf3 h5 40. g4 h4
41. Kg2 Bd8 42. Kh3 Bg5 43. Bg3 hxg3 44. Kxg3 Be7 45. Kf3 Kg5 46. h3 Kh4 0-1

[Event "3. Campeonato de la Unión Europea"]
[Site "Arvier ITA"]
[Date "2007.06.17"]
[Round "3.38"]
[White "Bonugli, Carlo"]
[Black "Fox, Pierre"]
[Result "1-0"]
[WhiteElo "2091"]
[BlackElo "1832"]
[PlyCount "81"]
[EventDate "2007.06.15"]
[EventType "swiss"]
[EventRounds "10"]
[EventCountry "ITA"]
[Source "lmi"]
[SourceDate "2007.06.15"]

1. e4 e5 2. Bc4 Nf6 3. Nc3 Nc6 4. d3 Na5 5. Nf3 d6 6. Bg5 c6 7. Bb3 b5 8. h3 b4
9. Ne2 Nxb3 10. axb3 Be7 11. O-O Qc7 12. Ng3 h6 13. Bd2 d5 14. exd5 cxd5 15.
Re1 Bd6 16. Nxe5 O-O 17. d4 Re8 18. Rc1 Bxe5 19. dxe5 Rxe5 20. Bxb4 Rg5 21. Qd3
Be6 22. Bd2 Re5 23. Bc3 Rxe1+ 24. Rxe1 Qf4 25. Be5 Qg5 26. Qe3 Nd7 27. Bd4 a6
28. Ne2 Qf5 29. Qg3 Qg5 30. Nf4 Qxg3 31. fxg3 Bf5 32. c4 dxc4 33. bxc4 Rc8 34.
Nd5 Rxc4 35. Ne7+ Kh7 36. Nxf5 g6 37. Re7 gxf5 38. Rxd7 Kg6 39. Bc3 f4 40. gxf4
Rxf4 41. Rd6+ 1-0

[Event "3. Campeonato de la Unión Europea"]
[Site "Arvier ITA"]
[Date "2007.06.17"]
[Round "3.39"]
[White "Brachten, Ron"]
[Black "Almond, Richard"]
[Result "0-1"]
[WhiteElo "1604"]
[BlackElo "2088"]
[PlyCount "90"]
[EventDate "2007.06.15"]
[EventType "swiss"]
[EventRounds "10"]
[EventCountry "ITA"]
[Source "lmi"]
[SourceDate "2007.06.15"]

1. e4 d5 2. exd5 Qxd5 3. Nc3 Qa5 4. Nf3 Nf6 5. Bc4 Bf5 6. d3 c6 7. Bd2 Qc7 8.
a3 e6 9. Qc1 Bd6 10. h3 h6 11. Ne2 b5 12. Ba2 c5 13. b4 Nbd7 14. bxc5 Nxc5 15.
Ned4 Bxd3 16. Qd1 e5 17. cxd3 exd4 18. O-O O-O 19. Bb4 a5 20. Be1 Rfd8 21. Rc1
Bf8 22. Bd2 Qd6 23. Bb1 Ne6 24. Re1 Qxa3 25. Bc2 Qd6 26. Ra1 a4 27. Qb1 Rdc8
28. Rc1 Rab8 29. Qb2 a3 30. Qa2 Nd5 31. Bb3 Nc3 32. Bxc3 dxc3 33. Qc2 b4 34.
Re1 Nc5 35. Ne5 Nxb3 36. Qxb3 Rc7 37. Nc4 Qxd3 38. Nxa3 Qg6 39. Nc2 Rcb7 40.
Re2 Rb6 41. Rae1 Bc5 42. Kf1 Qf5 43. f3 Qd3 44. Na1 Rg6 45. Nc2 Qxf3+ 0-1

[Event "3. Campeonato de la Unión Europea"]
[Site "Arvier ITA"]
[Date "2007.06.17"]
[Round "3.40"]
[White "Fraser-Mitchell, Jeremy N"]
[Black "Di Cio, Enrico"]
[Result "1-0"]
[WhiteElo "2084"]
[BlackElo "1776"]
[PlyCount "75"]
[EventDate "2007.06.15"]
[EventType "swiss"]
[EventRounds "10"]
[EventCountry "ITA"]
[Source "lmi"]
[SourceDate "2007.06.15"]

1. d4 Nf6 2. c4 e6 3. Nc3 Bb4 4. Bg5 O-O 5. e3 h6 6. Bh4 d5 7. cxd5 exd5 8. Bd3
Be6 9. Nge2 Nbd7 10. O-O c5 11. Rc1 c4 12. Bb1 a6 13. f3 Re8 14. e4 g5 15. Bf2
Bf8 16. e5 Nh5 17. g4 Nf4 18. Bg3 Ng6 19. h3 Bg7 20. f4 gxf4 21. Nxf4 Nxf4 22.
Bxf4 Nf8 23. Rc2 Qh4 24. Qf3 Ng6 25. Be3 Rf8 26. Rg2 Qd8 27. g5 hxg5 28. Bxg5
Qd7 29. Qh5 Bxh3 30. Rh2 Qg4+ 31. Qxg4 Bxg4 32. Nxd5 Rae8 33. Bf6 Be6 34. Nc7
Bd7 35. Nxe8 Rxe8 36. Bxg7 Kxg7 37. Rf6 Nh8 38. Rh7+ 1-0

[Event "3. Campeonato de la Unión Europea"]
[Site "Arvier ITA"]
[Date "2007.06.17"]
[Round "3.42"]
[White "Mazzetta, Renato"]
[Black "Gorse, Gerard"]
[Result "1/2-1/2"]
[WhiteElo "1864"]
[BlackElo "2058"]
[PlyCount "81"]
[EventDate "2007.06.15"]
[EventType "swiss"]
[EventRounds "10"]
[EventCountry "ITA"]
[Source "lmi"]
[SourceDate "2007.06.15"]

1. e4 c5 2. Nc3 Nc6 3. g3 g6 4. Bg2 Bg7 5. d3 d6 6. Nge2 e5 7. Be3 Nge7 8. Qd2
Nd4 9. h3 Be6 10. f4 Qa5 11. O-O O-O-O 12. Nxd4 exd4 13. Nd5 Qxd2 14. Nxe7+ Kd7
15. Bxd2 Kxe7 16. f5 Bd7 17. g4 h6 18. Bf4 Be5 19. Rf2 g5 20. Bxe5 dxe5 21. Bf3
b5 22. b3 Rc8 23. Be2 f6 24. Kg2 h5 25. gxh5 Be8 26. Kg3 Bxh5 27. Bxh5 Rxh5 28.
a4 b4 29. Rh2 Rh4 30. Rf1 Rch8 31. Rfh1 Kf7 32. Rf1 Kg7 33. Rfh1 Rf4 34. h4
gxh4+ 35. Rxh4 Rhxh4 36. Rxh4 Rf1 37. Rg4+ Kf7 38. Rh4 Rc1 39. Rh2 Kg7 40. Rg2
Kf8 41. Rh2 1/2-1/2

[Event "3. Campeonato de la Unión Europea"]
[Site "Arvier ITA"]
[Date "2007.06.17"]
[Round "3.45"]
[White "Miatello, Alberto"]
[Black "Della Penna, Vincenzo"]
[Result "1-0"]
[WhiteElo "2062"]
[BlackElo "1906"]
[PlyCount "115"]
[EventDate "2007.06.15"]
[EventType "swiss"]
[EventRounds "10"]
[EventCountry "ITA"]
[Source "lmi"]
[SourceDate "2007.06.15"]

1. e4 e5 2. Nf3 Nf6 3. Nxe5 d6 4. Nc4 Nxe4 5. d4 d5 6. Ne3 Be7 7. Nd2 Nxd2 8.
Bxd2 c6 9. c3 Be6 10. Bd3 Nd7 11. f4 Nf6 12. f5 Bd7 13. Qf3 Qc7 14. O-O-O O-O-O
15. g4 g5 16. Kb1 Rde8 17. c4 dxc4 18. Nxc4 h6 19. Ne5 Bd6 20. Nxf7 Rh7 21.
Nxd6+ Qxd6 22. Bc2 Qxd4 23. Bc3 Qxg4 24. Qxg4 Nxg4 25. f6 Nxf6 26. Bxf6 Rf7 27.
Bd4 Re2 28. Bxa7 Kc7 29. Bc5 Bg4 30. h4 b6 31. Bd6+ Kb7 32. hxg5 hxg5 33. Rdg1
Bf5 34. Bxf5 Rxf5 35. Re1 Rd2 36. Bb4 Rg2 37. Rhg1 Rh2 38. Rg4 Rff2 39. Bc3
Rhg2 40. Rg1 Rf1+ 41. Rxf1 Rxg4 42. Bd2 Rg2 43. Kc1 g4 44. Rf7+ Ka6 45. Kd1 Kb5
46. Ke1 c5 47. Rf2 Rxf2 48. Kxf2 Kc4 49. Kg3 b5 50. Kxg4 Kd3 51. Bc3 b4 52. Bf6
c4 53. Kf3 c3 54. bxc3 bxc3 55. Bg5 c2 56. Bc1 Kd4 57. Ke2 Kc3 58. Ke3 1-0

[Event "3. Campeonato de la Unión Europea"]
[Site "Arvier ITA"]
[Date "2007.06.17"]
[Round "3.46"]
[White "Astengo, Marcello"]
[Black "Varinelli, Sara"]
[Result "1-0"]
[WhiteElo "2061"]
[BlackElo "1694"]
[PlyCount "41"]
[EventDate "2007.06.15"]
[EventType "swiss"]
[EventRounds "10"]
[EventCountry "ITA"]
[Source "lmi"]
[SourceDate "2007.06.15"]

1. d4 d5 2. c4 dxc4 3. e4 Nc6 4. Be3 e5 5. d5 Bb4+ 6. Nd2 Bxd2+ 7. Qxd2 Nce7 8.
Bxc4 f5 9. Nf3 f4 10. Bc5 Ng6 11. O-O-O Bd7 12. Qc3 Qf6 13. d6 c6 14. Qb3 b6
15. Bxg8 bxc5 16. h4 h6 17. Bc4 Bc8 18. d7+ Bxd7 19. Rxd7 Kxd7 20. Qb7+ Ke8 21.
Qxa8+ 1-0

[Event "3. Campeonato de la Unión Europea"]
[Site "Arvier ITA"]
[Date "2007.06.17"]
[Round "3.47"]
[White "Garofalo, Sergio"]
[Black "Marozzi, Giovanni"]
[Result "0-1"]
[WhiteElo "1812"]
[BlackElo "2055"]
[PlyCount "72"]
[EventDate "2007.06.15"]
[EventType "swiss"]
[EventRounds "10"]
[EventCountry "ITA"]
[Source "lmi"]
[SourceDate "2007.06.15"]

1. d4 d5 2. Nf3 Nf6 3. Nbd2 e6 4. e3 c5 5. c4 cxd4 6. exd4 Nc6 7. a3 Bd6 8. c5
Bc7 9. b4 a6 10. Bb2 O-O 11. Bd3 Re8 12. Ne5 Nxe5 13. dxe5 Nd7 14. f4 Qh4+ 15.
g3 Qh3 16. Nf3 Qg2 17. Qe2 Qxe2+ 18. Kxe2 f6 19. Rhf1 f5 20. h3 Nf8 21. g4 Ng6
22. Bc1 fxg4 23. hxg4 Ne7 24. Be3 Bd7 25. a4 Nc6 26. Bd2 Na7 27. Rh1 g6 28. f5
exf5 29. gxf5 Bxe5 30. Nxe5 Rxe5+ 31. Kf3 Bxf5 32. Bc3 Be4+ 33. Bxe4 Rf8+ 34.
Ke3 Rxe4+ 35. Kd3 Rf3+ 36. Kc2 Rc4 0-1

[Event "3. Campeonato de la Unión Europea"]
[Site "Arvier ITA"]
[Date "2007.06.17"]
[Round "3.48"]
[White "Motzer, Heinrich"]
[Black "Cornaggia, Ranieri"]
[Result "1-0"]
[WhiteElo "2021"]
[BlackElo "1548"]
[PlyCount "61"]
[EventDate "2007.06.15"]
[EventType "swiss"]
[EventRounds "10"]
[EventCountry "ITA"]
[Source "lmi"]
[SourceDate "2007.06.15"]

1. c4 Nf6 2. Nc3 g6 3. g3 Bg7 4. Bg2 d6 5. d3 Nbd7 6. Nf3 e5 7. O-O O-O 8. Rb1
c6 9. b4 Qe7 10. Nd2 Nb6 11. a4 Be6 12. b5 Qc7 13. bxc6 bxc6 14. a5 Nbd7 15.
Qa4 Rfc8 16. Ba3 d5 17. cxd5 Bxd5 18. Rfc1 Bxg2 19. Kxg2 c5 20. Nce4 Nxe4 21.
Nxe4 Bf8 22. Qxd7 Qxd7 23. Nf6+ Kg7 24. Nxd7 Bd6 25. Bxc5 Bxc5 26. Nxc5 Rc6 27.
Ne4 Ra6 28. Rb5 Re8 29. Rc7 Kf8 30. Rbb7 Rxa5 31. Rxf7+ 1-0

[Event "3. Campeonato de la Unión Europea"]
[Site "Arvier ITA"]
[Date "2007.06.17"]
[Round "3.49"]
[White "Russo, Carmelo"]
[Black "Colombrini, Adolfo"]
[Result "1-0"]
[WhiteElo "1665"]
[BlackElo "1972"]
[PlyCount "67"]
[EventDate "2007.06.15"]
[EventType "swiss"]
[EventRounds "10"]
[EventCountry "ITA"]
[Source "lmi"]
[SourceDate "2007.06.15"]

1. d4 Nf6 2. c4 g6 3. Nc3 d5 4. cxd5 Nxd5 5. Bd2 Bg7 6. e4 Nxc3 7. Bxc3 O-O 8.
Nf3 b6 9. Be2 Bb7 10. d5 c5 11. Bxg7 Kxg7 12. O-O Nd7 13. Qc2 Qc7 14. Rfd1 Nf6
15. Qc3 Rfd8 16. Bc4 Kg8 17. d6 Rxd6 18. Rxd6 Nxe4 19. Bxf7+ Kxf7 20. Qc4+ Kg7
21. Re6 Nf6 22. Rae1 Re8 23. Qc3 Bc6 24. b4 Bb5 25. R6e5 Kg8 26. bxc5 Ng4 27.
Qb3+ Kf8 28. Qxb5 Nxe5 29. Nxe5 Rd8 30. Qb3 Kg7 31. c6 a6 32. h4 b5 33. Nf7 Rf8
34. Ng5 1-0

[Event "3. Campeonato de la Unión Europea"]
[Site "Arvier ITA"]
[Date "2007.06.17"]
[Round "3.51"]
[White "Bogatto, Mario"]
[Black "Iacchetti, Giovanni"]
[Result "1/2-1/2"]
[WhiteElo "1528"]
[BlackElo "1917"]
[PlyCount "70"]
[EventDate "2007.06.15"]
[EventType "swiss"]
[EventRounds "10"]
[EventCountry "ITA"]
[Source "lmi"]
[SourceDate "2007.06.15"]

1. c4 f5 2. Nc3 Nf6 3. d4 e6 4. Nf3 Be7 5. Bg5 d6 6. e3 O-O 7. Bd3 a5 8. a3 Na6
9. O-O c5 10. Bc2 Bd7 11. e4 cxd4 12. Nxd4 Nc5 13. exf5 e5 14. Nf3 Bc6 15. Bxf6
Rxf6 16. Re1 Rh6 17. Nd5 Bf6 18. Rb1 Rc8 19. b4 axb4 20. axb4 Nd7 21. b5 Bxd5
22. Qxd5+ Kh8 23. Bb3 Nc5 24. Bc2 Qe7 25. Red1 e4 26. Re1 Re8 27. Nd2 Bc3 28.
Re2 Qh4 29. h3 Qg5 30. Re3 Be5 31. g4 Bf4 32. Nxe4 Nxe4 33. Rxe4 Rf8 34. Rb3
Be5 35. Rf3 Rhf6 1/2-1/2

[Event "3. Campeonato de la Unión Europea"]
[Site "Arvier ITA"]
[Date "2007.06.17"]
[Round "3.53"]
[White "Cross, Ian"]
[Black "Zaccaria, Sonia"]
[Result "1-0"]
[WhiteElo "1890"]
[BlackElo "1377"]
[PlyCount "66"]
[EventDate "2007.06.15"]
[EventType "swiss"]
[EventRounds "10"]
[EventCountry "ITA"]
[Source "lmi"]
[SourceDate "2007.06.15"]

1. d4 d5 2. e3 Nf6 3. Bd3 Nc6 4. f4 e6 5. c3 Be7 6. Nf3 Ne4 7. O-O O-O 8. Nbd2
f5 9. Ne5 Nxe5 10. fxe5 Bg5 11. Nxe4 dxe4 12. Bc2 b6 13. Qe2 a5 14. Ba4 h6 15.
Bd2 Ba6 16. Bb5 Bxb5 17. Qxb5 c5 18. Qe2 cxd4 19. exd4 Qe7 20. g3 Rf7 21. a3
Raf8 22. Bf4 Bxf4 23. gxf4 g5 24. Qh5 g4 25. Kf2 Kh7 26. h3 Rg7 27. hxg4 Rxg4
28. Rh1 Qg7 29. Rag1 Rxg1 30. Rxg1 Qb7 31. Qg6+ Kh8 32. Qxh6+ Qh7 33. Qxf8+ Qg8
1-0

[Event "3. Campeonato de la Unión Europea"]
[Site "Arvier ITA"]
[Date "2007.06.18"]
[Round "4.2"]
[White "Borgo, Giulio"]
[Black "Likavsky, Tomas"]
[Result "1-0"]
[WhiteElo "2418"]
[BlackElo "2485"]
[PlyCount "65"]
[EventDate "2007.06.15"]
[EventType "swiss"]
[EventRounds "10"]
[EventCountry "ITA"]
[Source "lmi"]
[SourceDate "2007.06.15"]

1. Nf3 Nf6 2. c4 g6 3. b3 Bg7 4. Bb2 O-O 5. g3 d6 6. d4 e5 7. dxe5 Nfd7 8. Nc3
dxe5 9. Qc2 Nc6 10. Bg2 a5 11. Rd1 f5 12. e4 Nb4 13. Qe2 c6 14. h4 f4 15. h5
Qe7 16. hxg6 hxg6 17. Nh4 Qg5 18. Bc1 Nc5 19. a3 Nba6 20. Qc2 Bg4 21. Rd6 Rf6
22. Rxf6 Qxf6 23. f3 Be6 24. gxf4 exf4 25. Bb2 Rd8 26. Bf1 Qg5 27. Qh2 Bd4 28.
Nd1 Nxb3 29. Nf5 Qh5 30. Qg2 Qxh1 31. Qxh1 gxf5 32. Qh6 Nac5 33. Qg5+ 1-0